|
|
|
|
| LEADER |
01439nam a2200289 a 4500 |
| 001 |
2487344 |
| 005 |
20070126084040.0 |
| 008 |
100513s1992 nyua b 001 0 eng d |
| 010 |
|
|
|a 91024761
|
| 020 |
|
|
|a 0471506478
|
| 020 |
|
|
|a 047159587X
|
| 040 |
|
|
|a DLC
|c DLC
|d DLC
|d BD-DhAAL
|
| 082 |
0 |
0 |
|a 576/.15
|2 20
|
| 245 |
0 |
0 |
|a Environmental microbiology /
|c edited by Ralph Mitchell.
|
| 260 |
|
|
|a New York :
|b Wiley-Liss,
|c c1992.
|
| 300 |
|
|
|a xi, 411 p. :
|b ill. ;
|c 24 cm.
|
| 490 |
|
0 |
|a Wiley series in ecological and applied microbiology
|
| 504 |
|
|
|a Includes bibliographical references and index.
|
| 541 |
1 |
|
|e 00016168
|
| 650 |
|
0 |
|a Microbial ecology.
|
| 700 |
1 |
|
|a Mitchell, Ralph,
|d 1934-
|
| 852 |
4 |
|
|a Ayesha Abed Library
|j General shelf
|
| 999 |
|
|
|c 8572
|d 8572
|
| 952 |
|
|
|0 0
|1 0
|2 ddc
|4 1
|6 576_000000000000000__15_ENV_1992
|7 0
|9 10192
|a BRACUL
|b BRACUL
|c SPS
|d 2010-05-16
|l 0
|o 576.15 ENV
|p 3010016168
|r 2010-05-16
|t 1
|w 2010-05-16
|y BK
|
| 952 |
|
|
|0 0
|1 0
|2 ddc
|4 1
|6 576_000000000000000__15_ENV_1992
|7 0
|9 10193
|a BRACUL
|b BRACUL
|c SPS
|d 2010-05-16
|l 0
|o 576.15 ENV
|p 3010016169
|r 2010-05-16
|t 2
|w 2010-05-16
|y BK
|
| 952 |
|
|
|0 0
|1 0
|2 ddc
|4 1
|6 576_000000000000000__15_ENV_1992
|7 0
|9 10194
|a BRACUL
|b BRACUL
|c SPS
|d 2010-05-16
|l 1
|m 2
|o 576.15 ENV
|p 3010016170
|r 2011-10-16
|s 2011-10-02
|t 3
|w 2010-05-16
|y BK
|
| 952 |
|
|
|0 0
|1 0
|2 ddc
|4 1
|6 576_000000000000000__15_ENV_1992
|7 0
|9 10195
|a BRACUL
|b BRACUL
|c SPS
|d 2010-05-16
|l 3
|m 1
|o 576.15 ENV
|p 3010016171
|r 2013-09-17
|s 2013-09-09
|t 4
|w 2010-05-16
|y BK
|